Marvels & mysteries of our animal world / (Record no. 74797)
[ view plain ]
| 000 -LEADER | |
|---|---|
| fixed length control field | 01155nam a2200313 a 4500 |
| 001 - CONTROL NUMBER | |
| control field | 74797 |
| 003 - CONTROL NUMBER IDENTIFIER | |
| rucl marc code | BD-RjUL |
| 005 - DATE AND TIME OF LATEST TRANSACTION | |
| control field | 20211209082614.0 |
| 008 - FIXED-LENGTH DATA ELEMENTS--GENERAL INFORMATION | |
| fixed length control field | 181206s1964 nyuab 001 0 eng |
| 035 ## - SYSTEM CONTROL NUMBER | |
| System control number | (BD-RjUL)75015 |
| 040 ## - CATALOGING SOURCE | |
| Original cataloging agency | DLC |
| Transcribing agency | DLC |
| Modifying agency | DLC |
| -- | BD-RjUL |
| Language of cataloging | eng |
| 041 ## - LANGUAGE CODE | |
| Language code of text/sound track or separate title | eng |
| 051 ## - LIBRARY OF CONGRESS COPY, ISSUE, OFFPRINT STATEMENT | |
| Classification number | QL50 |
| Item number | .R28 Copy 3 |
| Copy information | In dust jacket. From the library of Rouben Mamoulian. |
| 082 00 - DEWEY DECIMAL CLASSIFICATION NUMBER | |
| Edition number | 23 |
| Classification number | 591 |
| Author mark and year | MAR 1964 |
| 245 00 - TITLE STATEMENT | |
| Title | Marvels & mysteries of our animal world / |
| Statement of responsibility, etc. | with introductions and a special supplement, "Animals from A to Z," by Jean George. |
| 246 3# - VARYING FORM OF TITLE | |
| Title proper/short title | Marvels and mysteries of our animal world |
| Display text | At head of title: |
| Title proper/short title | Reader's Digest |
| 260 ## - PUBLICATION, DISTRIBUTION, ETC. (IMPRINT) | |
| Place of publication, distribution, etc. | Pleasantville, N.Y. : |
| Name of publisher, distributor, etc. | Reader's Digest Association, |
| Date of publication, distribution, etc. | c1964. |
| 300 ## - PHYSICAL DESCRIPTION | |
| Pagination | 320 p. : |
| Illustrations | ill. (some col.), col. maps ; |
| Size | 32 cm. |
| 500 ## - GENERAL NOTE | |
| General note | "Coronet books." |
| General note | Includes index. |
| 650 #0 - SUBJECT ADDED ENTRY--TOPICAL TERM | |
| Topical term or geographic name as entry element | Zoology. |
| 9 (RLIN) | 225638 |
| 700 12 - ADDED ENTRY--PERSONAL NAME | |
| Personal name | George, Jean Craighead, |
| Dates associated with a name | 1919-2012. |
| 710 2# - ADDED ENTRY--CORPORATE NAME | |
| Corporate name or jurisdiction name as entry element | Reader's Digest Association. |
| 9 (RLIN) | 225640 |
| Corporate name or jurisdiction name as entry element | Rouben Mamoulian Collection (Library of Congress) |
| Institution to which field applies | DLC |
| 9 (RLIN) | 225641 |
| 942 ## - ADDED ENTRY ELEMENTS (KOHA) | |
| Source of classification or shelving scheme | Dewey Decimal Classification |
| Koha item type | Books |
| Lost status | Source of classification or shelving scheme | Damaged status | Not for loan | Collection code | Permanent Location | Current Location | Shelving location | Date acquired | Source of acquisition | Total Checkouts | Full call number | Date last seen | Copy number | Koha item type |
|---|---|---|---|---|---|---|---|---|---|---|---|---|---|---|
| Dewey Decimal Classification | Not For Loan | Non-fiction | Central Library, University of Rajshahi | Central Library, University of Rajshahi | Reading Room | 02/06/1966 | Asia foundation | 591 MAR 1964 | 06/12/2018 | C-1 | Books |